000 00445nam a22001577a 4500
003 OSt
008 260427b |||||||| |||| 00| 0 eng d
082 _a634.421
_bD81S
100 _aDubey, Prem Shankar
245 _aStudies on Yield and Quality Attributes of Guava Hybrids (Psidium Guajava Linn.)
260 _aPusa, Samastipur
_bRAU
_c1998
300 _a97P.
502 _bMsc.
_d1998
650 _aFruit and Fruit Technology
942 _2ddc
_cT
999 _c50203
_d50203